[Event "AUTO-MASTER-3262"]
[Site "http://www.queenalice.com/game.php?id=1856099"]
[Date "2025.4.24"]
[Round "1"]
[White "sandrax"]
[Black "Pumpernickel"]
[Result "1-0"]
[WhiteElo "2256"]
[BlackElo "2184"]

1. e4 e5 2. Nf3 Nc6 3. Bb5 Nf6 4. d3 Bc5 5. Bxc6 dxc6 6. Nbd2 O-O 7. O-O Re8 8.
Nc4 Nd7 9. a4 a5 10. Be3 Bxe3 11. Nxe3 Nf8 12. b3 c5 13. Kh1 b6 14. Nd2 Ne6 15.
Qh5 f6 16. f3 Re7 17. Qh4 Bb7 18. Rae1 Qd7 19. Nb1 Nd4 20. Rf2 g5 21. Qh5 Qe8
22. Ng4 Re6 23. Qxe8+ Raxe8 24. Nc3 Kg7 25. Ne3 R6e7 26. h4 h5 27. Kh2 Kg6 28.
Kg3 Bc8 29. Ncd5 Rg7 30. Kh2 Be6 31. g3 Bxd5 32. Nxd5 Kh6 33. Ne3 Rf7 34. Ref1
gxh4 35. gxh4 Ne6 36. Nd5 f5 37. Ne3 f4 38. Nf5+ Kh7 39. Rg2 Rf6 40. Rfg1 Ref8
41. Kh3 R8f7 42. Rg8 1-0

[Event "AUTO-OPEN-4580"]
[Site "http://www.queenalice.com/game.php?id=1859069"]
[Date "2025.6.23"]
[Round "2"]
[White "delphicoracle"]
[Black "sandrax"]
[Result "0-1"]
[WhiteElo "2524"]
[BlackElo "2311"]

1. d4 Nf6 2. Bg5 e6 3. Nd2 c5 4. e3 cxd4 5. exd4 Be7 6. Ngf3 O-O 7. Bd3 Nc6 8.
c3 Nd5 9. Bxe7 Ncxe7 10. O-O Rb8 11. Re1 b5 12. a4 a6 13. Ne4 d6 14. axb5 axb5
15. Bc2 Ng6 16. g3 Re8 17. Qe2 h6 18. Bd3 Nc7 19. Ned2 Bb7 20. Bxg6 fxg6 21. Qd3
Rf8 22. Ne4 Nd5 23. Ned2 Qf6 24. Re2 Bc6 25. Ra6 Rbc8 26. Ne1 g5 27. Ra7 e5 28.
Nc2 Kh8 29. Ra5 Qf7 30. Ra6 Nf6 31. Ne3 exd4 32. Qxd4 Nd7 33. Qxd6 Nb8 34. Ra1
Rcd8 35. Qc5 Qe6 0-1

[Event "AUTO-OPEN-4580"]
[Site "http://www.queenalice.com/game.php?id=1859070"]
[Date "2025.6.23"]
[Round "2"]
[White "sandrax"]
[Black "delphicoracle"]
[Result "1-0"]
[WhiteElo "2292"]
[BlackElo "2537"]

1. e4 d5 2. exd5 Nf6 3. Nf3 Nxd5 4. d4 Bf5 5. Bd3 Bxd3 6. Qxd3 e6 7. c4 Bb4+ 8.
Ke2 Nf6 9. Qb3 Nc6 10. a3 Ba5 11. Rd1 O-O 12. Qe3 a6 13. c5 Nd5 14. Qe4 Qe8 15.
b4 Ncxb4 16. axb4 Qb5+ 17. Qd3 Bxb4 18. g3 Qc6 19. Ne5 Qe8 20. Kf1 f6 21. Nc4
Qh5 22. Qe2 Qe8 23. Ne3 b5 24. cxb6 cxb6 25. Nxd5 exd5 26. Bd2 Bxd2 27. Nxd2 a5
28. Rdb1 Rb8 29. Qb5 Qd8 30. Nf3 Qd6 31. h4 Rfc8 32. h5 Qe6 33. Kg2 Qd6 34. h6
g6 35. Qa6 Qd8 36. Ra3 Kf7 37. Rab3 Rc6 38. Re3 1-0

[Event "AUTO-ELITE-2600"]
[Site "http://www.queenalice.com/game.php?id=1865765"]
[Date "2025.11.19"]
[Round "1"]
[White "sandrax"]
[Black "WoodpusherKid"]
[Result "1/2-1/2"]
[WhiteElo "2339"]
[BlackElo "2726"]

1. e4 e5 2. Nf3 Nc6 3. Bb5 Nf6 4. d3 Bc5 5. Bxc6 dxc6 6. O-O Bg4 7. h3 Bh5 8.
Qe2 Nd7 9. Be3 Qe7 10. Nbd2 O-O-O 11. a3 Bxe3 12. Qxe3 Kb8 13. b4 Bxf3 14. Nxf3
h5 15. Rfb1 Rhg8 16. Qg5 Qxg5 17. Nxg5 f6 18. Nf3 Nf8 19. g3 Ne6 20. h4 c5 21.
Kg2 Rd6 22. Nd2 cxb4 23. axb4 Nd4 24. Nc4 Rc6 25. Ra2 b5 26. Ne3 a6 27. Nd5 Rd8
28. c3 Ne6 29. Rba1 Kb7 30. Kf3 Rcd6 31. Ke2 c6 32. Ne3 c5 33. Nd5 cxb4 34. Nxb4
Nc5 35. f3 Nxd3 36. Nxa6 Nc1+ 37. Rxc1 Rxa6 38. Rxa6 Kxa6 39. Rf1 Rb8 40. Rd1
Kb6 41. Rd6+ Kc5 42. Rd7 Ra8 43. Rxg7 Ra2+ 44. Kd3 Rf2 45. Ke3 Rc2 46. Kd3 Rf2
47. Ke3 Rc2 48. Kd3 Rf2 1/2-1/2

[Event "AUTO-ELITE-2600"]
[Site "http://www.queenalice.com/game.php?id=1865766"]
[Date "2025.11.19"]
[Round "1"]
[White "WoodpusherKid"]
[Black "sandrax"]
[Result "0-1"]
[WhiteElo "2715"]
[BlackElo "2353"]

1. c4 e5 2. e4 Nc6 3. d3 Bc5 4. Be3 d6 5. Nf3 Nge7 6. d4 exd4 7. Nxd4 Bb4+ 8.
Bd2 Nxd4 9. Bxb4 c5 10. Bc3 Nec6 11. Bxd4 Nxd4 12. Nc3 O-O 13. Be2 Qg5 14. O-O
Bh3 15. Bf3 Bd7 16. Be2 Bh3 17. Bf3 Bd7 18. g3 Qd2 19. Rb1 Qxd1 20. Bxd1 f5 21.
b4 b6 22. f3 fxe4 23. fxe4 Rxf1+ 24. Kxf1 Bh3+ 25. Kf2 Rf8+ 26. Ke3 Be6 27. Nd5
Rf1 28. a3 Re1+ 29. Kf2 Rxe4 30. Ne3 Re5 31. Rc1 Kf7 32. Bf3 Nxf3 33. Kxf3 Bf5
34. Nxf5 Rxf5+ 35. Ke4 Ke6 36. bxc5 Rxc5 37. Kd3 g6 38. Kd4 Re5 39. Rf1 d5 40.
cxd5+ Rxd5+ 41. Kc4 Rd2 42. h3 Rh2 43. h4 Rc2+ 44. Kb4 h5 45. Rf3 a6 46. a4 Rc1
47. Ka3 Ra1+ 48. Kb3 a5 49. Rf8 Rg1 50. Rf3 Rb1+ 51. Ka2 Rb4 52. Ka3 Ke5 53. Rc3
Kf5 54. Rc6 Rg4 55. Rxb6 Rxg3+ 0-1

[Event "AUTO-MASTER-3255"]
[Site "http://www.queenalice.com/game.php?id=1866414"]
[Date "2025.12.1"]
[Round "2"]
[White "sandrax"]
[Black "cerenzo72"]
[Result "1-0"]
[WhiteElo "2285"]
[BlackElo "2127"]

1. e4 e5 2. Nf3 d6 3. d4 exd4 4. Nxd4 Nf6 5. Nc3 Be7 6. Bf4 c5 7. Ndb5 O-O 8.
Bxd6 Bxd6 9. Qxd6 Qxd6 10. Nxd6 Bd7 11. Nxb7 Nxe4 12. Nxe4 Bc6 13. Nbxc5 Re8 14.
O-O-O h6 15. f3 a5 16. Bc4 Re7 17. Rhe1 Bxe4 18. Rd8+ Kh7 19. Nxe4 f5 20. Bg8+
Kg6 21. Rd6+ Kh5 22. Ng3+ Kg5 23. Rxe7 g6 24. h4+ Kxh4 25. Rxg6 h5 26. Nxf5# 1-0

[Event "AUTO-MASTER-3255"]
[Site "http://www.queenalice.com/game.php?id=1866417"]
[Date "2025.12.1"]
[Round "2"]
[White "GUKI"]
[Black "sandrax"]
[Result "1/2-1/2"]
[WhiteElo "2434"]
[BlackElo "2350"]

1. e4 c5 2. Nf3 d6 3. d4 cxd4 4. Nxd4 Nf6 5. Nc3 a6 6. Be3 e5 7. Nb3 Be6 8. f3
h5 9. Qd2 Nbd7 10. Nd5 Bxd5 11. exd5 g6 12. O-O-O Nb6 13. Kb1 Nbxd5 14. Bg5 Be7
15. Bd3 Qc7 16. Rhe1 Nb6 17. Qf2 Rc8 18. c3 Nfd5 19. Bxe7 Nxe7 20. f4 f5 21.
fxe5 dxe5 22. Qe3 Kf7 23. Qxe5 Qxe5 24. Rxe5 Rhd8 1/2-1/2